Police and the public, (Record no. 72252)

MARC details
000 -LEADER
fixed length control field 00652cam a22002291 4500
001 - CONTROL NUMBER
control field sa 67000854
003 - CONTROL NUMBER IDENTIFIER
control field DLC
005 - DATE AND TIME OF LATEST TRANSACTION
control field 20260227112318.0
008 - FIXED-LENGTH DATA ELEMENTS--GENERAL INFORMATION
fixed length control field 880328s1965 ii l000 0 eng
010 ## - LIBRARY OF CONGRESS CONTROL NUMBER
LC control number sa 67000854
025 ## - OVERSEAS ACQUISITION NUMBER
Overseas acquisition number PL480:I-E-7128
035 ## - SYSTEM CONTROL NUMBER
System control number (OCoLC)17688782
040 ## - CATALOGING SOURCE
Original cataloging agency DLC
Transcribing agency MiDW
Modifying agency MiDW
-- DLC
042 ## - AUTHENTICATION CODE
Authentication code premarc
050 00 - LIBRARY OF CONGRESS CALL NUMBER
Classification number HV8247
Item number .G48
100 1# - MAIN ENTRY--PERSONAL NAME
Personal name Ghosh, Srikanta,
Dates associated with a name 1913-
245 10 - TITLE STATEMENT
Title Police and the public,
Statement of responsibility, etc. by S.K. Ghosh.
260 ## - PUBLICATION, DISTRIBUTION, ETC.
Place of publication, distribution, etc. Bhubaneswar,
Name of publisher, distributor, etc. Govt. of Orissa, Home Dept.,
Date of publication, distribution, etc. 1965.
300 ## - PHYSICAL DESCRIPTION
Extent 108 p.
Dimensions 25 cm.
650 #0 - SUBJECT ADDED ENTRY--TOPICAL TERM
Topical term or geographic name entry element Police
Geographic subdivision India.
710 1# - ADDED ENTRY--CORPORATE NAME
Corporate name or jurisdiction name as entry element Orissa (India).
Subordinate unit Home (Public Relations) Department.

No items available.

Powered by Koha